Personnages The Walking Dead (Mort subite) - Statistiques

Statistiques générales
  • Ce quiz a été pris 453 fois
  • Le résultat moyen est 10 sur 15
Answers on the Grid
Answers color-coded by a green-red scale on the quiz's grid according to % correct below.
Daryl Dixon
Negan
Rick Grimes
Carol Peletier
Glenn Rhee
Michonne
Le Gouverneur
Abraham
Rosita
Enid
Ezekiel
Alpha
Maggie Greene
Eugene
Sasha
Tyrion Lannister
Walter White
Ragnar Lothbrok
Octavia
Le Professeur
JR Ewing
Laura Ingalls
Mike Wheeler
Lucas Hood
Julia Shumway
June Osborne
Dolores Abernathy
T-Bag
Carrie Mathison
Moon Dong-eun
 
Statistiques - réponses
Réponse % Correct
Rick Grimes
76%
Le Gouverneur
75%
Michonne
75%
Daryl Dixon
74%
Abraham
73%
Maggie Greene
73%
Negan
73%
Glenn Rhee
72%
Eugene
70%
Rosita
70%
Ezekiel
68%
Carol Peletier
63%
Enid
63%
Sasha
63%
Alpha
59%
Aucun quiz correspondant
Distribution des résultats
% des personnes avec chaque résultat
Percentile par nombre de réponses
Votre historique - résultats
Vous n’avez pas pris ce quiz